Начертано на тучах: избранная проза; стихи; пер. с чеш.

Detalles Bibliográficos
Autor Principal: Чапек К. Карел
Outros autores: Малевич О. (автор предисловия), Мирошниченко В. (художник)
Idioma:checo
Publicado: Москва, Художественная литература, 1986
Subjects:
Formato: Libro
KOHA link:https://koha.lib.tpu.ru/cgi-bin/koha/opac-detail.pl?biblionumber=249114

MARC

LEADER 00000nam0a2200000 4500
001 249114
005 20231101232439.0
035 |a (RuTPU)RU\TPU\book\271123 
090 |a 249114 
100 |a 20140131d1986 m y0rusy50 ca 
101 1 |a cze 
102 |a CZ 
105 |a a z 001ay 
200 1 |a Начертано на тучах  |e избранная проза  |e стихи  |e пер. с чеш.  |f К. Чапек  |g авт. предисл. О. Малевич ; В. Мирошниченко 
210 |a Москва  |c Художественная литература  |d 1986 
215 |a 303 с.  |c ил. 
320 |a Вступительная статья: с.5-19 
320 |a Примечания: с.296-300 
606 1 |a Чешская литература  |2 stltpush  |3 (RuTPU)RU\TPU\subj\80268  |9 88014 
610 1 |a художественная литература 
610 1 |a рассказы 
610 1 |a стихи 
675 |a 885  |v 3 
700 1 |a Чапек  |b К.  |c чешский писатель-сатирик  |f 1880-1938  |g Карел  |2 stltpush  |3 (RuTPU)RU\TPU\pers\17083  |4 070  |9 6223 
702 1 |a Малевич  |b О.  |4 080 
702 1 |a Мирошниченко  |b В.  |4 040 
801 1 |a RU  |b 63413507  |c 20140131 
801 2 |a RU  |b 63413507  |c 20210929  |g RCR 
942 |c BK